¡Basta de historias! : (Registro nro. 6736)
[ vista simple ]
| 000 -LEADER | |
|---|---|
| fixed length control field | 02018cam a2200325 a 4500 |
| 003 - CONTROL NUMBER IDENTIFIER | |
| control field | OSt |
| 005 - DATE AND TIME OF LATEST TRANSACTION | |
| control field | 20200703124539.0 |
| 008 - FIXED-LENGTH DATA ELEMENTS--GENERAL INFORMATION | |
| fixed length control field | 060419s2005 ag r 000 0 spa d |
| 015 ## - NATIONAL BIBLIOGRAPHY NUMBER | |
| National bibliography number | NSN |
| 020 ## - INTERNATIONAL STANDARD BOOK NUMBER | |
| International Standard Book Number | 9789588613161 |
| 040 ## - CATALOGING SOURCE | |
| Original cataloging agency | CO-BoPUJ |
| Transcribing agency | CO-JMCR |
| 041 0# - LANGUAGE CODE | |
| Language code of text/sound track or separate title | spa |
| 082 04 - DEWEY DECIMAL CLASSIFICATION NUMBER | |
| Classification number | 338.98 |
| Item number | O622b |
| Edition number | 21 |
| 100 1# - MAIN ENTRY--PERSONAL NAME | |
| Personal name | Oppenheimer, Andrés |
| Dates associated with a name | 1951- |
| 9 (RLIN) | 6633 |
| 245 12 - TITLE STATEMENT | |
| Title | ¡Basta de historias! : |
| Remainder of title | la obsesión latinoamericana con el pasado y las 12 claves del futuro |
| Statement of responsibility, etc. | Andrés Oppenheimer |
| 250 ## - EDITION STATEMENT | |
| Edition statement | Primera edición |
| 260 ## - PUBLICATION, DISTRIBUTION, ETC. | |
| Place of publication, distribution, etc. | Bogotá : |
| Name of publisher, distributor, etc. | Editorial Random House Mondadori : |
| -- | Debate, |
| Date of publication, distribution, etc. | 2010. |
| 300 ## - PHYSICAL DESCRIPTION | |
| Extent | 442 páginas ; |
| Dimensions | 23 cm. |
| 490 0# - SERIES STATEMENT | |
| Series statement | Debate |
| 504 ## - BIBLIOGRAPHY, ETC. NOTE | |
| Bibliography, etc. note | Incluye referencias bibliográficas páginas 402-422. |
| 505 0# - FORMATTED CONTENTS NOTE | |
| Formatted contents note | Hay que mirar para adelante -- Finalidad: los campeones del mundo -- Singapur: El país más globalizado -- India: ¿la nueva superpotencia mundial? -- Cuando China enseña capitalismo -- Israel: el país más star-ups -- Chile: Rumbo al primer mundo -- Brasil: una causa de todos -- Argentina: El país de las oportunidades perdidas -- Uruguay y Perú: una computadora para cada niño -- México: el reino de "la maestra" -- Venezuela y Colombia: caminos opuestos -- Las 12 claves del progreso |
| 520 0# - SUMMARY, ETC. | |
| Summary, etc. | La educación es algo demasiado importante como para dejarla en manos de los gobiernos.<br/>¡Basta de historias! es un agudo viaje periodístico alrededor del mundo, que aportan ideas útiles para trabajar en la principal asignatura pendiente de nuestros países y la única que nos podrá sacar de la mediocridad económica e intelectual en la que vivimos. |
| 650 14 - SUBJECT ADDED ENTRY--TOPICAL TERM | |
| Topical term or geographic name entry element | Desarrollo económico y social |
| Geographic subdivision | América Latina |
| 9 (RLIN) | 6634 |
| 650 24 - SUBJECT ADDED ENTRY--TOPICAL TERM | |
| Topical term or geographic name entry element | Educación en valores |
| Geographic subdivision | América Latina |
| 9 (RLIN) | 6635 |
| 651 24 - SUBJECT ADDED ENTRY--GEOGRAPHIC NAME | |
| Geographic name | América Latina |
| General subdivision | Condiciones socioeconómicas |
| 9 (RLIN) | 6636 |
| 651 24 - SUBJECT ADDED ENTRY--GEOGRAPHIC NAME | |
| Geographic name | América Latina |
| General subdivision | Vida intelectual |
| 9 (RLIN) | 6637 |
| 651 24 - SUBJECT ADDED ENTRY--GEOGRAPHIC NAME | |
| Geographic name | América Latina |
| General subdivision | Política y gobierno |
| -- | Historia |
| 9 (RLIN) | 6638 |
| 942 ## - ADDED ENTRY ELEMENTS (KOHA) | |
| Source of classification or shelving scheme | Dewey Decimal Classification |
| Koha item type | Books |
| Withdrawn status | Lost status | Source of classification or shelving scheme | Damaged status | Not for loan | Home library | Current library | Shelving location | Date acquired | Source of acquisition | Cost, normal purchase price | Total Checkouts | Full call number | Barcode | Date last seen | Date last checked out | Copy number | Price effective from | Koha item type |
|---|---|---|---|---|---|---|---|---|---|---|---|---|---|---|---|---|---|---|
| Dewey Decimal Classification | Biblioteca Pública José María del Castillo y Rada | Biblioteca Pública José María del Castillo y Rada | General Stacks | 04/15/2018 | Donación | 0.00 | 4 | 338.98 / O622b | 201809920 | 04/16/2026 | 04/16/2026 | Ej.1 | 07/03/2020 | Books |